00282nam a2200121Ia 4500008004100000100001600041245001800057260003200075300000900107650002000116942000700136999001700143190216s9999||||xx |||||||||||||| ||und|| aSurendran K 0aKattu Kurangu bPoorna Pubs Kozhikodec1996 a350p aMalayalam Novel cBK c26937d26937